Mots qu'avec les consonnes - Statistiques

Statistiques générales
  • Ce quiz a été pris 120 fois
    105 depuis la dernière actualisation
  • Le résultat moyen est 16 sur 20
Statistiques - réponses
Indice Mot Réponse % Correct
Animal Cstr Castor
100%
Mois Fvrr Février
100%
Jeu Flchtt Fléchette
99%
Objet bruyant sfflt Sifflet
99%
Soins Vccn Vaccin
99%
Élément Chimique Mgnsm Magnésium
98%
Mathématiques Mltplctn Multiplication
98%
Politesse Crdlmt Cordialement
97%
Vêtement Cpch Capuche
93%
Plante Ccts Cactus
87%
Instrument ccrdn Accordéon
85%
Loisir Crq Cirque
84%
Temps (min) Pndl Pendule
84%
Orientation Bssl Boussole
79%
Commerce Blngr Boulangerie
78%
Nature Vlcn Volcan
78%
Arme Glv Glaive
60%
Bâtiment chfdg Échafaudage
58%
Architecture Lcrn Lucarne
55%
Matière t Ouate
9%
Aucun quiz correspondant
Distribution des résultats
% des personnes avec chaque résultat
Percentile par nombre de réponses
Votre historique - résultats
Vous n’avez pas pris ce quiz depuis la dernière actualisation